• 首页
  • 本馆介绍
  • 公告通知
  • 最新文献
  • 馆藏检索
  • 电子资源
  • 读者导购
  • 参考咨询
  • 我的图书馆
  • 登录
  • 详细信息显示
  • 放入我的书架
  • 预约/预借图书
  • 作者相关作品
  • 分类相关作品
  • 丛书相关作品
  • 出版社相关作品

书目信息

  • 表格格式
  • 工作单格式
  • 卡片格式
题名:
无卤含硅阻燃剂的合成及作用机理
    
 
作者: 韦平 编著
分册:  
出版信息: 上海   上海交通大学出版社  2013.08
页数: 167页
开本: 24cm
丛书名:
单 册:
中图分类: TQ569
科图分类:
主题词: 阻燃剂--研究 , 阻燃剂
电子资源:
ISBN: 978-7-313-09072-0
000 00924nam0 2200265 450
001 0120131160927
005 20140610105337.09
010    @a978-7-313-09072-0@b精装@dCNY49.00
100    @a20131104d2013 em y0chiy0110 ea
101 0  @achi
102    @aCN@b310000
105    @aak z 001yy
106    @ar
200 1  @a无卤含硅阻燃剂的合成及作用机理@9wu lu han gui zu ran ji de he cheng ji zuo yong ji li@f韦平编著
210    @a上海@c上海交通大学出版社@d2013.08
215    @a167页@c图@d24cm
300    @a上海交通大学学术出版基金资助
330    @a本书共分为8章,第1章综述了各类阻燃剂;第2章-第7章阐述了无卤含硅阻燃剂的研究成果,第8章探讨了含硅无卤阻燃剂及阻燃PC/ABS复合材料的热降解机理。
333    @a相关的工程技术人员,大学生和科研工作者
606 0  @a阻燃剂@x研究
606 0  @a阻燃剂
690    @aTQ569@v5
701  0 @a韦平@9wei ping@4编著
801  0 @aCN@b人天书店@c20131104
905    @b846547-49@dTQ569@e50@f3
    
    无卤含硅阻燃剂的合成及作用机理/韦平编著.-上海:上海交通大学出版社,2013.08
    167页:图;24cm
    上海交通大学学术出版基金资助.-使用对象:相关的工程技术人员,大学生和科研工作者
    
    ISBN 978-7-313-09072-0(精装):CNY49.00
    本书共分为8章,第1章综述了各类阻燃剂;第2章-第7章阐述了无卤含硅阻燃剂的研究成果,第8章探讨了含硅无卤阻燃剂及阻燃PC/ABS复合材料的热降解机理。
●
相关链接 在E读中查询图书 在五车中查询图书 在当当中查询图书 在豆瓣中查询图书


正题名:无卤含硅阻燃剂的合成及作用机理     索取号:TQ569/50         预约/预借

序号 登录号 条形码 馆藏地/架位号 状态 备注
1 846547   208465472   第二样本阅览室/ [索取号:TQ569/50] 在馆    
2 846548   208465481   第三借阅区/ [索取号:TQ569/50] 在馆    
3 846549   208465490   第三借阅区/ [索取号:TQ569/50] 在馆    
唐山师范学院图书馆 欢迎您!
大连网信软件有限公司© 版权所有